000 00428nam a2200157 4500
001 110204
003 ES-MaACL
005 20230906185010.0
007 t|
008 061121s1972 sp r ||||1| spa d
110 2 _aOrden Seglar Dominicana (EspaƱa)
_96047
245 1 0 _aEstatutos /
_cOrden Seglar Dominicana.
260 _aGuadalajara :
_bOPE,
_c1972.
300 _a123 p. ;
_c17 cm.
852 _aES-MaACL
_jC-43860
_bR.82245
999 _c110204
_d110204